Коммуникативность в науках о культуре; Известия Томского политехнического университета [Известия ТПУ]; Т. 314, № 6: Экономика. Философия, социология и культурология

Bibliografiske detaljer
Parent link:Известия Томского политехнического университета [Известия ТПУ]/ Томский политехнический университет (ТПУ).— , 2000-
Т. 314, № 6: Экономика. Философия, социология и культурология.— 2009.— [С. 99-103]
Hovedforfatter: Кондратьева И. В. Ирина Владимировна
Andre forfattere: Кирьянова Л. Г. Лилия Геннадьевна
Summary:Заглавие с титульного листа
Электронная версия печатной публикации
В условиях современного информационного общества понятие коммуникативность приобретает новые смыслы и значения. В статье раскрывается роль коммуникативности в научном познании, проблемы социальной обусловленности познания, а также специфика коммуникативности в науках о культуре. Культурология рассматривается как универсальное научное знание, в рамках которого осуществляется анализ новых форм коммуникации, а также разрабатывается современный подход к организации коммуникативного пространства научной сферы.
Sprog:russisk
Udgivet: 2009
Serier:Философия, социология и культурология
Fag:
Online adgang:http://www.lib.tpu.ru/fulltext/v/Bulletin_TPU/2009/v314/i6/22.pdf
Format: MixedMaterials Electronisk Book Chapter
KOHA link:https://koha.lib.tpu.ru/cgi-bin/koha/opac-detail.pl?biblionumber=175886

MARC

LEADER 00000nla2a2200000 4500
001 175886
005 20231031165152.0
035 |a (RuTPU)RU\TPU\book\190685 
035 |a RU\TPU\book\190679 
090 |a 175886 
100 |a 20100218d2009 k y0rusy50 ca 
101 0 |a rus 
102 |a RU 
135 |a drnn ---uucaa 
181 0 |a i  
182 0 |a b 
200 1 |a Коммуникативность в науках о культуре  |b Электронный ресурс  |f И. В. Кондратьева, Л. Г. Кирьянова 
203 |a Текст  |c электронный 
215 |a 1 файл (127 Кб) 
225 1 |a Философия, социология и культурология 
230 |a Электронные текстовые данные (1 файл : 127 Кб) 
300 |a Заглавие с титульного листа 
300 |a Электронная версия печатной публикации 
320 |a [Библиогр.: с. 103 (10 назв.)] 
330 |a В условиях современного информационного общества понятие коммуникативность приобретает новые смыслы и значения. В статье раскрывается роль коммуникативности в научном познании, проблемы социальной обусловленности познания, а также специфика коммуникативности в науках о культуре. Культурология рассматривается как универсальное научное знание, в рамках которого осуществляется анализ новых форм коммуникации, а также разрабатывается современный подход к организации коммуникативного пространства научной сферы. 
337 |a Adobe Reader 
461 1 |0 (RuTPU)RU\TPU\book\176237  |t Известия Томского политехнического университета [Известия ТПУ]  |f Томский политехнический университет (ТПУ)  |d 2000- 
463 1 |0 (RuTPU)RU\TPU\book\190628  |x 1684-8519  |t Т. 314, № 6: Экономика. Философия, социология и культурология  |v [С. 99-103]  |d 2009  |p 182 с. 
610 1 |a коммуникативность 
610 1 |a научное познание 
610 1 |a культурология 
610 1 |a культура 
610 1 |a коммуникативное пространство 
610 1 |a труды учёных ТПУ 
610 1 |a электронный ресурс 
700 1 |a Кондратьева  |b И. В.  |c российский ученый, специалист в области культурологии и социальной коммуникации  |c ассистент Томского политехнического университета  |f 1983-  |g Ирина Владимировна  |2 stltpush  |3 (RuTPU)RU\TPU\pers\25769 
701 1 |a Кирьянова  |b Л. Г.  |c российский философ  |c доцент Томского политехнического университета, кандидат философских наук  |f 1982-  |g Лилия Геннадьевна  |2 stltpush  |3 (RuTPU)RU\TPU\pers\25768 
801 1 |a RU  |b 63413507  |c 20090623  |g PSBO 
801 2 |a RU  |b 63413507  |c 20211214  |g PSBO 
856 4 |u http://www.lib.tpu.ru/fulltext/v/Bulletin_TPU/2009/v314/i6/22.pdf 
942 |c CF